Foreign direct investment and small and medium enterprises : (Record no. 22224)
[ view plain ]
| 000 -LEADER | |
|---|---|
| fixed length control field | 01029cam a22002895a 4500 |
| 001 - CONTROL NUMBER | |
| control field | 18731193 |
| 005 - DATE AND TIME OF LATEST TRANSACTION | |
| control field | 20161101112302.0 |
| 008 - FIXED-LENGTH DATA ELEMENTS--GENERAL INFORMATION | |
| fixed length control field | 150805t2015 njua frb 001 0 eng d |
| 020 ## - INTERNATIONAL STANDARD BOOK NUMBER | |
| International Standard Book Number | 9789814678803 |
| 040 ## - CATALOGING SOURCE | |
| Original cataloging agency | YDXCP |
| Language of cataloging | eng |
| Transcribing agency | YDXCP |
| Description conventions | rda |
| Modifying agency | OCLCO |
| -- | CDX |
| -- | OCLCQ |
| -- | NKM |
| -- | IUL |
| -- | OCLCF |
| -- | SINLB |
| -- | DLC |
| -- | EG-ScBUE |
| 043 ## - GEOGRAPHIC AREA CODE | |
| Geographic area code | d------ |
| 082 04 - DEWEY DECIMAL CLASSIFICATION NUMBER | |
| Classification number | 332.673 |
| Edition number | 22 |
| Item number | TAN |
| 100 1# - MAIN ENTRY--PERSONAL NAME | |
| Personal name | Tan, Khee Giap. |
| 9 (RLIN) | 40851 |
| 245 10 - TITLE STATEMENT | |
| Title | Foreign direct investment and small and medium enterprises : |
| Remainder of title | productivity and access to finance / |
| Statement of responsibility, etc | Khee Giap Tan, Kong Yam Tan. |
| 250 ## - EDITION STATEMENT | |
| Edition statement | 1st ed. |
| 260 ## - PUBLICATION, DISTRIBUTION, ETC. (IMPRINT) | |
| Place of publication, distribution, etc | New Jersey : |
| Name of publisher, distributor, etc | World Scientific, |
| Date of publication, distribution, etc | c.2015. |
| 300 ## - PHYSICAL DESCRIPTION | |
| Extent | 161 p. : |
| Other physical details | ill. ; |
| Dimensions | 26 cm |
| 500 ## - GENERAL NOTE | |
| General note | Index : p. 161. |
| 504 ## - BIBLIOGRAPHY, ETC. NOTE | |
| Bibliography, etc | Includes bibliographical references. |
| 590 ## - LOCAL NOTE (RLIN) | |
| Local note | shima |
| 650 #7 - SUBJECT ADDED ENTRY--TOPICAL TERM | |
| Topical term or geographic name as entry element | Small business |
| Geographic subdivision | Developing countries |
| General subdivision | Finance. |
| Source of heading or term | BUEsh |
| 9 (RLIN) | 40852 |
| 650 #7 - SUBJECT ADDED ENTRY--TOPICAL TERM | |
| Topical term or geographic name as entry element | Investments, Foreign |
| Geographic subdivision | Developing countries. |
| Source of heading or term | BUEsh |
| 9 (RLIN) | 32132 |
| 651 ## - SUBJECT ADDED ENTRY--GEOGRAPHIC NAME | |
| Source of heading or term | BUEsh |
| 653 ## - INDEX TERM--UNCONTROLLED | |
| Resource For college | BAEPS, Economics |
| Arrived date list | August 2016 |
| -- | November2016 |
| 700 1# - ADDED ENTRY--PERSONAL NAME | |
| Personal name | Tan, Kogn Yam. |
| 942 ## - ADDED ENTRY ELEMENTS (KOHA) | |
| Source of classification or shelving scheme | Dewey Decimal Classification |
| Withdrawn status | Item status | Source of classification or shelving scheme | Damaged status | Not for loan | Vendor | Home library | Current library | Shelving location | Date acquired | Source of acquisition | Cost, normal purchase price | Serial Enumeration / chronology | Total Checkouts | Full call number | Barcode | Date last seen | Cost, replacement price | Koha item type | Total Renewals | Date last borrowed |
|---|---|---|---|---|---|---|---|---|---|---|---|---|---|---|---|---|---|---|---|---|
| Dewey Decimal Classification | Baccah | Central Library | Central Library | First floor | 24/08/2016 | Purchase | 810.00 | 25140 | 332.673 TAN | 000033342 | 15/07/2025 | 1012.50 | Book - Borrowing | |||||||
| Dewey Decimal Classification | Baccah | Central Library | Central Library | First floor | 01/11/2016 | Purchase | 810.00 | 25846 | 2 | 332.673 TAN | 000045193 | 15/07/2025 | 1012.50 | Book - Borrowing | 8 | 15/04/2019 |